LEADER 01536nam a2200313 u 4500 001 000000008462 003 CaOOAMICUS 005 20070226105110.0 008 940516s1987 it u000 u ita u 020 $a88-343-1452-2 035 $a10218063 040 $aPUL(R)$bita 245 03$aIl dono della vita :$bistruzione della Congregazione per la Dottrina della Fede su il rispetto della vita umana nascente e la dignitą della procreazione umana /$ca cura di Elio Sgreccia. 260 $aMilano :$bVita e pensiero,$c1987. 300 $a223 p. ;$c22 cm 490 1 $aScienza, medicina, etica ;$v2 650 4$aBioetica.$0(OLS)http://pul/subject/2868 650 4$aProcreazione.$0(OLS)http://pul/subject/7240 700 1 $aSgreccia, Elio.$0(OLS)http://pul/name/6486 710 2 $aCongregazione per la dottrina della fede.$0(OLS)http://pul/name/3881 830 0$aScienza, medicina, etica ;$v2.$0(OLS)http://pul/title/12399 850 $aPUL 852 $aPUL$W1$xSL Religione 1$y3$m39 B 86$j11955$nBK-PRI$b $qStampati$B11955$CPULBib$Z2$F11955 $H $81 910 $aSant'Uffizio$93881 910 $aCongregatio pro doctrina fidei$93881 941 1 $a8 996 $6020$a88-343-1452-2$9(OLS)http://pul/number/10908 996 $6245$aIl dono della vita :$bistruzione della Congregazione per la Dottrina della Fede su il rispetto della vita umana nascente e la dignitą della procreazione umana$9(OLS)http://pul/title/12398 996 $6260$aMilano :$bVita e pensiero$9(OLS)http://pul/publisher/48016 LEADER 02219nam a2200445 a 4500 001 000000172472 003 CaOOAMICUS 005 20190805131453.0 008 190805s2016 it u001 u ita r 020 $a978-88-201-3793-9* 032 $aLibriCat 040 $aPUL$bita 041 1 $aita$alat 100 1 $aErasmus, Desiderius,$d1467-1536.$0(OLS)http://pul/name/1784 240 10$aCiceronianus.$lItaliano e latino.$0(OLS)http://pul/title/213415 245 13$aIl ciceroniano /$cDesiderio Erasmo da Rotterdam ; ; testo, introduzione, note, indici, traduzione a cura di Francesco Bausi e Davide Canfora ; con la collaborazione di Elisa Tinelli. 246 05$aDesideri Erasmi Roterodami Ciceronianus 260 $aTorino :$bLoescher,$c2016. 300 $a394 p. ;$c23 cm 490 1 $aCorona Patrum Erasmiana. $aII, Series Humanistica ;$v1 500 $aTitolo parallelo in latino su altro frontespizio 500 $aComprende indici. 500 $aSulla coperta e su pag.precedente il front: Centro europeo di studi umanistici Erasmo da Rotterdam,Torino 504 $aBibliografia alle p. [77]-80. 546 $aTesto latino e traduzione italiana a fronte. 600 04$aErasmus, Desiderius,$d1467-1536.$tCiceronianus.$0(OLS)http://pul/subject/46078 700 1 $aBausi, Francesco.$0(OLS)http://pul/name/59560 700 1 $aCanfora, Davide,$d1973-$0(OLS)http://pul/name/49887 700 1 $aTinelli, Elisa.$0(OLS)http://pul/name/110730 710 2 $aCentro europeo di studi umanistici Erasmo da Rotterdam (Torino).$0(OLS)http://pul/name/110723 830 0$aCorona Patrum Erasmiana. $nII,$pSeries humanistica ;$v1.$0(OLS)http://pul/title/213413 850 $aPUL 852 $aPUL$W1$xSL Filosofia 3$y81$m190 CPE 1.2.1$j196401$qDDC 21$B201166$CPULBib$Z2$F201166 $H133162 $81 900 $aErasmo,$cda Rotterdam,$d1467-1536$91784 941 1 $a9 996 $6020$a978-88-201-3793-9*$9(OLS)http://pul/number/166552 996 $6246$aDesideri Erasmi Roterodami Ciceronianus$9(OLS)http://pul/title/213416 996 $6245$aIl ciceroniano$9(OLS)http://pul/title/213417 996 $6260$aTorino :$bLoescher$9(OLS)http://pul/publisher/48154